[Event "NOE Landesliga 2017/2018"]
[Site "verschiedene"]
[Date "2017.10.15"]
[Round "2"]
[Board "3"]
[White "Schmid, Thomas"]
[Black "Hofmann, Thomas"]
[Result "0-1"]
[WhiteElo "2103"]
[BlackElo "2244"]
[PlyCount "102"]
[EventDate "2017.10.01"]
[EventType "team"]
[EventRounds "11"]
[EventCountry "AUT"]
[WhiteTeam "SV Stockerau"]
[BlackTeam "SV Mistelbach"]

1. e4 e5 2. Nf3 Nc6 3. Bb5 a6 4. Ba4 Nf6 5. O-O Be7 6. Re1 b5 7. Bb3 d6 8. c3
O-O 9. h3 Na5 10. Bc2 c5 11. d4 Qc7 12. Nbd2 cxd4 13. cxd4 Rd8 14. d5 Bd7 15.
Nf1 Rdc8 16. Bd3 Nb7 17. Bd2 Nc5 18. Rc1 Qb7 19. Bb1 Na4 20. Qb3 Be8 21. Qa3 a5
22. b4 axb4 23. Qxb4 Rxc1 24. Bxc1 Nc5 25. Ng3 g6 26. Nh2 Bd8 27. Re3 Ra4 28.
Qe1 h5 29. h4 Bd7 30. Nf3 Ng4 31. Ra3 Bb6 32. Nh1 Qa7 33. Rxa4 Nxa4 34. Bd2 Nb2
35. Nh2 Nc4 36. Nxg4 Bxg4 37. Bb4 Bd8 38. g3 Bf3 39. a3 Bb6 40. Bd3 Bxh1 41.
Bxc4 bxc4 42. Kxh1 Bxf2 43. Qc3 Qa6 44. Kg2 Bd4 45. Qd2 Qa4 46. Bxd6 Kg7 47.
Bb4 Qb3 48. d6 c3 49. Qe2 Qb2 50. Kf3 c2 51. d7 Qb3+  0-1

[Event "NOE Landesliga 2017/2018"]
[Site "verschiedene"]
[Date "2017.10.15"]
[Round "2"]
[Board "4"]
[White "Teuber, Andreas"]
[Black "Piringer, Florian"]
[Result "1/2-1/2"]
[WhiteElo "2161"]
[BlackElo "2183"]
[PlyCount "107"]
[EventDate "2017.10.01"]
[EventType "team"]
[EventRounds "11"]
[EventCountry "AUT"]
[WhiteTeam "SV Mistelbach"]
[BlackTeam "SV Stockerau"]

1. d4 Nf6 2. c4 g6 3. g3 c6 4. Nf3 d5 5. b3 Bg7 6. Bb2 O-O 7. Bg2 Ne4 8. O-O
Nd7 9. Nbd2 Nxd2 10. Qxd2 b6 11. cxd5 cxd5 12. Rfc1 Ba6 13. Rc2 Rc8 14. Rac1
Rxc2 15. Qxc2 Qb8 16. Qc7 Rd8 17. Ba3 e6 18. e3 Bf8 19. Qxb8 Nxb8 20. Bxf8 Kxf8
21. Bf1 Rc8 22. Rxc8+ Bxc8 23. Bd3 Ba6 24. Bc2 Ke7 25. h4 Be2 26. Ne5 f6 27.
Nd3 Bxd3 28. Bxd3 e5 29. dxe5 fxe5 30. Kf1 e4 31. Bb5 a6 32. Be2 Kd6 33. f3
exf3 34. Bxf3 Nc6 35. Be2 a5 36. Bd3 Ne5 37. Bc2 Kc5 38. a3 h6 39. Ke2 g5 40.
hxg5 hxg5 41. Kd2 a4 42. Kc3 b5 43. bxa4 bxa4 44. Kd2 Kd6 45. Ke2 Ke7 46. Bf5
Kf6 47. Bc8 Ke7 48. Bf5 Kd6 49. Bh7 Ng4 50. Bf5 Ne5 51. Bh7 Kc5 52. Bf5 Nc4 53.
Bd7 Ne5 54. Bf5  1/2-1/2

[Event "NOE Landesliga 2017/2018"]
[Site "verschiedene"]
[Date "2017.10.15"]
[Round "2"]
[Board "1"]
[White "Blohberger, Felix"]
[Black "Pammer, Andreas"]
[Result "0-1"]
[WhiteElo "2335"]
[BlackElo "2135"]
[PlyCount "114"]
[EventDate "2017.10.01"]
[EventType "team"]
[EventRounds "11"]
[EventCountry "AUT"]
[WhiteTeam "ASK Kottingbrunn"]
[BlackTeam "SG Bisamberg/Korneuburg"]

1. e4 c5 2. b3 Nc6 3. Bb2 Nf6 4. e5 Ng8 5. Nf3 d6 6. Bb5 Bd7 7. exd6 e6 8. Nc3
Nf6 9. Qe2 Bxd6 10. O-O-O O-O 11. Ne4 Be7 12. Neg5 Nd4 13. Nxd4 cxd4 14. Bd3
Qa5 15. Ne4 Qxa2 16. Nxf6+ Bxf6 17. Qe4 g6 18. Qxb7 Rfd8 19. Qa6 Qxa6 20. Bxa6
Bc6 21. f3 Rab8 22. d3 Rb6 23. Bc4 a5 24. Ba3 Bb5 25. Kd2 a4 26. Bc5 Rb7 27.
Bxb5 Rxb5 28. b4 Bg5+ 29. Ke2 Ra8 30. Ra1 Bh6 31. Rhb1 e5 32. f4 Bxf4 33. Ra3
Bxh2 34. Rba1 Rd8 35. Rxa4 Rd7 36. Ra8+ Kg7 37. Kf3 Bf4 38. Bf8+ Kf6 39. R8a6+
Kg5 40. g4 Rc7 41. Re1 f5 42. gxf5 Kxf5 43. Bd6 Rf7 44. Bc5 Bd2 45. Rb1 Rfb7
46. Rf1 Bxb4 47. Ke2+ Kg5 48. Ba7 Bc5 49. Rg1+ Kh6 50. Bxc5 Rxc5 51. Kf3 Rxc2
52. Re1 Rf7+ 53. Ke4 Rc5 54. Rh1+ Kg7 55. Rh4 h5 56. Rxg6+ Kxg6 57. Rg4+ Kh7
 0-1

[Event "NOE Landesliga 2017/2018"]
[Site "verschiedene"]
[Date "2017.10.15"]
[Round "2"]
[Board "2"]
[White "Wetscherek, Gerhard"]
[Black "Morgunov, Marc"]
[Result "1/2-1/2"]
[WhiteElo "2041"]
[BlackElo "2199"]
[PlyCount "91"]
[EventDate "2017.10.01"]
[EventType "team"]
[EventRounds "11"]
[EventCountry "AUT"]
[WhiteTeam "SG Bisamberg/Korneuburg"]
[BlackTeam "ASK Kottingbrunn"]

1. e4 c5 2. Nf3 a6 3. c3 d5 4. exd5 Qxd5 5. d4 Nf6 6. Be2 cxd4 7. cxd4 e6 8.
O-O Nc6 9. Nc3 Qd6 10. Bg5 Be7 11. Bc4 O-O 12. Qd2 b6 13. a3 Bb7 14. Bf4 Qd8
15. b4 Rc8 16. Qd3 b5 17. Bb3 Qb6 18. Rad1 Rfd8 19. Be3 Qc7 20. Rc1 Qb8 21. h3
h6 22. Rfd1 Bf8 23. Qe2 Ne7 24. Ne5 Ned5 25. Nxd5 Bxd5 26. Bxd5 Rxd5 27. Qf3
Bd6 28. Rxc8+ Qxc8 29. Rc1 Qd8 30. Rc6 Bxe5 31. dxe5 Rxe5 32. Rxa6 Nd5 33. g3
Qf6 34. Ra8+ Kh7 35. Qxf6 Nxf6 36. Ra5 Ne4 37. Kg2 Rd5 38. a4 bxa4 39. Rxa4 Rb5
40. f3 Nc3 41. Ra7 Rxb4 42. Rxf7 Rb2+ 43. Kf1 Rb1+ 44. Kg2 Rb2+ 45. Kf1 Rb1+
46. Kg2  1/2-1/2

[Event "NOE Landesliga 2017/2018"]
[Site "verschiedene"]
[Date "2017.10.15"]
[Round "2"]
[Board "3"]
[White "Morgunov, Daniel"]
[Black "Seidler, Dieter"]
[Result "1/2-1/2"]
[WhiteElo "2149"]
[BlackElo "1936"]
[PlyCount "97"]
[EventDate "2017.10.01"]
[EventType "team"]
[EventRounds "11"]
[EventCountry "AUT"]
[WhiteTeam "ASK Kottingbrunn"]
[BlackTeam "SG Bisamberg/Korneuburg"]

1. e4 e6 2. d3 d5 3. Qe2 Be7 4. Nf3 c5 5. g3 Nc6 6. Bg2 Nf6 7. O-O O-O 8. e5
Nd7 9. Bf4 b5 10. c4 bxc4 11. dxc4 Ba6 12. b3 Rb8 13. h4 Qb6 14. Nbd2 Nd4 15.
Nxd4 cxd4 16. Qg4 Rfc8 17. Bxd5 exd5 18. Qxd7 Qe6 19. Qxe6 fxe6 20. Rab1 Ba3
21. Rfd1 dxc4 22. bxc4 Rb2 23. Rxb2 Bxb2 24. Rb1 Bc3 25. a3 h6 26. Kh2 Kh7 27.
Kg1 Bxc4 28. Nxc4 Rxc4 29. Kg2 d3 30. Kf3 d2 31. Ke2 Re4+ 32. Be3 Rxe5 33. Kd3
Rd5+ 34. Kc2 a6 35. Rd1 Ba5 36. Bxd2 Kg6 37. Bxa5 Rxa5 38. Rd3 Rf5 39. f3 Ra5
40. Kd2 Kf6 41. Ke3 Ke5 42. h5 Kf6 43. g4 g6 44. hxg6 Kxg6 45. f4 Kf6 46. Kf3
h5 47. gxh5 Rxh5 48. Ke4 Ra5 49. Rc3  1/2-1/2

[Event "NOE Landesliga 2017/2018"]
[Site "verschiedene"]
[Date "2017.10.15"]
[Round "2"]
[Board "4"]
[White "Ayatollahi, Ehsan"]
[Black "Lechner, Daniel"]
[Result "1/2-1/2"]
[WhiteElo "1931"]
[BlackElo "2192"]
[PlyCount "137"]
[EventDate "2017.10.01"]
[EventType "team"]
[EventRounds "11"]
[EventCountry "AUT"]
[WhiteTeam "SG Bisamberg/Korneuburg"]
[BlackTeam "ASK Kottingbrunn"]

1. d4 Nf6 2. c4 g6 3. Nc3 d5 4. cxd5 Nxd5 5. e4 Nxc3 6. bxc3 Bg7 7. Bc4 c5 8.
Ne2 Nc6 9. Be3 O-O 10. O-O e6 11. Qd2 Qa5 12. Rad1 b6 13. f4 cxd4 14. cxd4 Qxd2
15. Rxd2 Na5 16. Bd3 Bb7 17. Rc1 Rfc8 18. Rdc2 Rxc2 19. Rxc2 Rc8 20. Rxc8+ Bxc8
21. g4 Bb7 22. Bd2 Kf8 23. Kf2 Ke7 24. Bb4+ Kd7 25. Ke3 Nc6 26. Bc3 Ne7 27.
Bb5+ Kd8 28. Bc4 Kd7 29. d5 Bxc3 30. dxe6+ fxe6 31. Nxc3 Nc6 32. e5 Ke7 33. Ne4
Na5 34. Bd3 Bd5 35. Nc3 Bc6 36. Nb5 Bxb5 37. Bxb5 Nb7 38. Kd4 Nc5 39. Bc6 Kd8
40. h4 Ke7 41. Bf3 Kf7 42. Kc4 Ke7 43. Kd4 Kf7 44. Bd1 Na6 45. Kc4 Nc7 46. Bf3
Kf8 47. Bc6 Kf7 48. Kd4 Na6 49. Ba4 Nc7 50. Bb3 Ke7 51. Bc4 h6 52. Ke4 b5 53.
Bb3 a5 54. f5 gxf5+ 55. gxf5 exf5+ 56. Kxf5 a4 57. Bc2 Nd5 58. Bd3 Nc3 59. a3
h5 60. e6 b4 61. axb4 a3 62. Bc4 a2 63. Bxa2 Nxa2 64. b5 Nc3 65. b6 Nb5 66. Ke5
Nd6 67. Kd5 Nb7 68. Ke5 Nc5 69. Kd5  1/2-1/2

[Event "NOE Landesliga 2017/2018"]
[Site "verschiedene"]
[Date "2017.10.15"]
[Round "2"]
[Board "1"]
[White "Heimberger, Reinhard"]
[Black "Lendwai, Reinhard"]
[Result "0-1"]
[WhiteElo "2265"]
[BlackElo "2380"]
[PlyCount "80"]
[EventDate "2017.10.01"]
[EventType "team"]
[EventRounds "11"]
[EventCountry "AUT"]
[WhiteTeam "KSV Boehlerwerk"]
[BlackTeam "SK Advisory Invest Baden"]

1. d4 Nf6 2. g3 d5 3. Bg2 c6 4. Nf3 Bf5 5. O-O h6 6. b3 e6 7. Bb2 Nbd7 8. c4
Be7 9. Nc3 O-O 10. Nd2 Bh7 11. e4 dxe4 12. Ndxe4 Nxe4 13. Nxe4 Nf6 14. Qe2 Bxe4
15. Bxe4 Nxe4 16. Qxe4 Bf6 17. Rfd1 Qe7 18. Rd3 Rfd8 19. Rad1 Rd7 20. Bc1 Rad8
21. Be3 Qa3 22. R3d2 a5 23. Qc2 Qe7 24. d5 cxd5 25. Bb6 Rc8 26. Bxa5 b5 27. Bc3
Rdc7 28. Bxf6 Qxf6 29. a4 bxa4 30. bxa4 Rxc4 31. Qb3 Rc3 32. Qb5 Ra3 33. Rd4 g5
34. R1d2 Qf3 35. Qb1 Rac3 36. Rd1 Rc2 37. Rf1 e5 38. Rb4 d4 39. a5 d3 40. Qb3
Rxf2  0-1

[Event "NOE Landesliga 2017/2018"]
[Site "verschiedene"]
[Date "2017.10.15"]
[Round "2"]
[Board "2"]
[White "Trippold, Denise"]
[Black "Mostbauer, Florian"]
[Result "0-1"]
[WhiteElo "2084"]
[BlackElo "2265"]
[PlyCount "128"]
[EventDate "2017.10.01"]
[EventType "team"]
[EventRounds "11"]
[EventCountry "AUT"]
[WhiteTeam "SK Advisory Invest Baden"]
[BlackTeam "KSV Boehlerwerk"]

1. d4 d5 2. c4 c6 3. Nf3 Nf6 4. e3 Bg4 5. h3 Bh5 6. Qb3 Qb6 7. Ne5 e6 8. g4 Bg6
9. Nxg6 hxg6 10. Bg2 Nbd7 11. Nc3 g5 12. Bd2 Be7 13. O-O-O O-O-O 14. Kb1 Qxb3
15. axb3 Nb6 16. Na4 Nxa4 17. bxa4 Ne4 18. Be1 Nd6 19. c5 Ne8 20. b4 Nc7 21.
Kc2 a6 22. Rb1 Bf6 23. Bc3 Rde8 24. f4 Kd7 25. Bf1 Ra8 26. Rb3 gxf4 27. exf4 g5
28. fxg5 Bxg5 29. Be1 Bh4 30. Bd2 f6 31. Bf4 Rhe8 32. Bd3 Bf2 33. Kc3 e5 34.
Bf5+ Ne6 35. dxe5 Bd4+ 36. Kd3 Bxe5 37. Rf1 Rh8 38. Kd2 Ke7 39. Bxe6 Kxe6 40.
Re3 d4 41. Ref3 Kd5 42. g5 Bxf4+ 43. Rxf4 fxg5 44. Rf5+ Kc4 45. Rc1+ Kb3 46.
Rf3+ Kxb4 47. Kd3 Rad8 48. Rb1+ Kxc5 49. Rxb7 Rdf8 50. Rg3 Rf5 51. a5 Rhf8 52.
Rg4 Rf3+ 53. Ke2 Re3+ 54. Kd2 Rf2+ 55. Kd1 Rxh3 56. Rxg5+ Kc4 57. Rg1 Rb3 58.
Rxb3 Kxb3 59. Rg6 c5 60. Rxa6 c4 61. Rd6 Kc3 62. a6 Ra2 63. Rh6 d3 64. Ke1 Ra1+
 0-1

[Event "NOE Landesliga 2017/2018"]
[Site "verschiedene"]
[Date "2017.10.15"]
[Round "2"]
[Board "3"]
[White "Lovrinovic, Christian"]
[Black "Herndlbauer, Martin"]
[Result "1-0"]
[WhiteElo "2139"]
[BlackElo "2081"]
[PlyCount "69"]
[EventDate "2017.10.01"]
[EventType "team"]
[EventRounds "11"]
[EventCountry "AUT"]
[WhiteTeam "KSV Boehlerwerk"]
[BlackTeam "SK Advisory Invest Baden"]

1. d4 d5 2. c4 c6 3. Nc3 Nf6 4. Nf3 dxc4 5. a4 Bf5 6. e3 e6 7. Bxc4 Bb4 8. O-O
Nbd7 9. Qe2 O-O 10. Rd1 Bg6 11. h3 Qc7 12. Nh4 e5 13. Nxg6 hxg6 14. Bb3 e4 15.
Qc2 Rae8 16. Bd2 Bd6 17. a5 g5 18. Rdc1 Qb8 19. Ba2 Bh2+ 20. Kf1 Bd6 21. Rab1
Bb4 22. Nxe4 Nxe4 23. Bxb4 c5 24. Bd5 Ndf6 25. Bxe4 Nxe4 26. Bxc5 Qh2 27. Bxf8
Kxf8 28. Qc7 Qh1+ 29. Ke2 Qxg2 30. Rf1 Qxh3 31. Rh1 Qg4+ 32. Ke1 Kg8 33. Qh2
Kf8 34. Rc1 Qd7 35. Rc7  1-0

[Event "NOE Landesliga 2017/2018"]
[Site "verschiedene"]
[Date "2017.10.15"]
[Round "2"]
[Board "4"]
[White "Hofegger, Jakob"]
[Black "Strobel, Ferdinand"]
[Result "1-0"]
[WhiteElo "2111"]
[BlackElo "2036"]
[PlyCount "65"]
[EventDate "2017.10.01"]
[EventType "team"]
[EventRounds "11"]
[EventCountry "AUT"]
[WhiteTeam "SK Advisory Invest Baden"]
[BlackTeam "KSV Boehlerwerk"]

1. Nf3 d6 2. d3 g6 3. e4 Bg7 4. g3 e5 5. Bg2 Ne7 6. O-O O-O 7. d4 c5 8. dxc5
dxc5 9. Qxd8 Rxd8 10. Be3 b6 11. Nc3 Bb7 12. Rad1 Nbc6 13. a3 Nd4 14. Rd2 Nxf3+
15. Bxf3 Rxd2 16. Bxd2 Rd8 17. Bg5 f6 18. Be3 Nf5 19. Bc1 Nd4 20. Bd1 Bf8 21.
Nd5 Bxd5 22. exd5 Rxd5 23. c3 Ne6 24. Bb3 Rd6 25. f4 b5 26. fxe5 fxe5 27. Be3
c4 28. Bc2 a6 29. a4 Be7 30. h4 Rd7 31. axb5 axb5 32. b4 Kg7 33. Ra1  1-0

[Event "NOE Landesliga 2017/2018"]
[Site "verschiedene"]
[Date "2017.10.15"]
[Round "2"]
[Board "2"]
[White "Kleiser, Gregor"]
[Black "Loeffler, Stefan"]
[Result "0-1"]
[WhiteElo "2210"]
[BlackElo "2372"]
[PlyCount "52"]
[EventDate "2017.10.01"]
[EventType "team"]
[EventRounds "11"]
[EventCountry "AUT"]
[WhiteTeam "SG Voest Krems"]
[BlackTeam "ASVOE VHS Poechlarn"]

1. d4 Nf6 2. Nf3 c6 3. c4 b5 4. cxb5 cxb5 5. Qb3 a6 6. Bf4 Bb7 7. Nc3 e6 8. a4
Qa5 9. Nd2 Bb4 10. e3 Nd5 11. Bd3 Nxc3 12. bxc3 Bxc3 13. Rd1 Bxg2 14. Ke2 Bxh1
15. Rxh1 Bxd2 16. Qc2 Bc3 17. Bd6 Nc6 18. Rc1 Bb4 19. d5 Bxd6 20. dxc6 Rc8 21.
Be4 dxc6 22. Qb2 O-O 23. Rg1 f6 24. Qb3 Kh8 25. Qd3 f5 26. Qd4 Rc7  0-1

[Event "NOE Landesliga 2017/2018"]
[Site "verschiedene"]
[Date "2017.10.15"]
[Round "2"]
[Board "3"]
[White "Ganaus, Hannes"]
[Black "Scheffknecht, Philipp"]
[Result "1-0"]
[WhiteElo "2239"]
[BlackElo "2109"]
[PlyCount "145"]
[EventDate "2017.10.01"]
[EventType "team"]
[EventRounds "11"]
[EventCountry "AUT"]
[WhiteTeam "ASVOE VHS Poechlarn"]
[BlackTeam "SG Voest Krems"]

1. d4 d5 2. Nf3 Nf6 3. e3 e6 4. a3 Be7 5. Bd3 b6 6. O-O O-O 7. b3 Nbd7 8. Bb2
Bb7 9. c4 Re8 10. Nc3 Rc8 11. Rc1 c5 12. Qe2 Bf8 13. Ne5 dxc4 14. bxc4 cxd4 15.
exd4 Nxe5 16. dxe5 Nd7 17. Rfd1 Qg5 18. Be4 Nc5 19. Bxb7 Nxb7 20. Rd7 Re7 21.
Rcd1 Nc5 22. R7d4 Ree8 23. h4 Qe7 24. Nb5 Qb7 25. h5 h6 26. Nd6 Bxd6 27. exd6
Nd7 28. Rg4 f6 29. Qd3 e5 30. Qg6 Nf8 31. Qxf6 Rxc4 32. Rg3 Re6 33. Qf5 Rf4 34.
Qd3 Qd7 35. Re3 e4 36. Qd5 Kh8 37. Rg3 Rf7 38. Rc3 Qd8 39. Re3 Qh4 40. g3 Qg4
41. Rde1 Qf5 42. Qxf5 Rxf5 43. Rxe4 Rxd6 44. Re7 Rg5 45. R1e5 Rd7 46. Rxd7 Rxe5
47. Rxa7 Re1+ 48. Kg2 Ne6 49. Rb7 Re2 50. Rxb6 Nc5 51. Bd4 Ne6 52. Be3 Nc7 53.
Rb7 Ne6 54. a4 Ra2 55. Re7 Ng5 56. Ra7 Kg8 57. Bxg5 hxg5 58. Kf3 g4+ 59. Kxg4
Rxf2 60. a5 Kh7 61. Rb7 Ra2 62. Rb5 Ra3 63. Kf4 Ra4+ 64. Kg5 Ra3 65. g4 Ra1 66.
Kf5 Rf1+ 67. Ke4 Re1+ 68. Kd5 Rg1 69. a6 Rxg4 70. Kc6 g6 71. a7 Ra4 72. hxg6+
Kxg6 73. Kb7  1-0

[Event "NOE Landesliga 2017/2018"]
[Site "verschiedene"]
[Date "2017.10.15"]
[Round "2"]
[Board "4"]
[White "Woeber, Friedrich"]
[Black "Wilke, Werner"]
[Result "1/2-1/2"]
[WhiteElo "2140"]
[BlackElo "2214"]
[PlyCount "20"]
[EventDate "2017.10.01"]
[EventType "team"]
[EventRounds "11"]
[EventCountry "AUT"]
[WhiteTeam "SG Voest Krems"]
[BlackTeam "ASVOE VHS Poechlarn"]

1. e4 c5 2. Nf3 Nc6 3. c3 e6 4. d4 d5 5. exd5 exd5 6. g3 Bg4 7. Bg2 cxd4 8. O-O
Bd6 9. cxd4 Nge7 10. Nc3 O-O  1/2-1/2

[Event "NOE Landesliga 2017/2018"]
[Site "verschiedene"]
[Date "2017.10.29"]
[Round "3"]
[Board "1"]
[White "Froewis, Georg"]
[Black "Kranzl, Peter"]
[Result "1/2-1/2"]
[WhiteElo "2431"]
[BlackElo "2179"]
[PlyCount "54"]
[EventDate "2017.10.01"]
[EventType "team"]
[EventRounds "11"]
[EventCountry "AUT"]
[WhiteTeam "SG Voest Krems"]
[BlackTeam "KSV Boehlerwerk"]

1. Nf3 Nf6 2. c4 g6 3. b3 Bg7 4. Bb2 O-O 5. g3 d6 6. d4 c6 7. Bg2 Re8 8. O-O
Qa5 9. h3 e5 10. dxe5 dxe5 11. Qd2 Qxd2 12. Nbxd2 Nbd7 13. e3 Bf8 14. Rfd1 h6
15. Rac1 a5 16. Bc3 Ba3 17. Rc2 Bb4 18. Nb1 Bxc3 19. Nxc3 Nc5 20. Rcd2 Bf5 21.
g4 Nfe4 22. Nxe4 Bxe4 23. Ne1 Bxg2 24. Kxg2 Kf8 25. Nf3 Ne4 26. Re2 Rad8 27.
Rde1 Re7  1/2-1/2

[Event "NOE Landesliga 2017/2018"]
[Site "verschiedene"]
[Date "2017.10.29"]
[Round "3"]
[Board "2"]
[White "Ebner, Johann"]
[Black "Kleiser, Gregor"]
[Result "0-1"]
[WhiteElo "2074"]
[BlackElo "2210"]
[PlyCount "57"]
[EventDate "2017.10.01"]
[EventType "team"]
[EventRounds "11"]
[EventCountry "AUT"]
[WhiteTeam "KSV Boehlerwerk"]
[BlackTeam "SG Voest Krems"]

1. d4 Nf6 2. c4 g6 3. Nc3 d5 4. Bf4 Bg7 5. e3 O-O 6. Nf3 c5 7. dxc5 Qa5 8. Rc1
Ne4 9. cxd5 Nxc3 10. Qd2 Nd7 11. bxc3 Nxc5 12. c4 Qa3 13. Be5 Ne4 14. Qc2 Bxe5
15. Nxe5 e6 16. Bd3 Qa5+ 17. Ke2 exd5 18. cxd5 Qxd5 19. Nxg6 Nc3+ 20. Qxc3 hxg6
21. Qb3 Qxg2 22. Rcg1 Bg4+ 23. Ke1 Qf3 24. Qc2 Rac8 25. Qe2 Qxh1 26. Rxh1 Bxe2
27. Kxe2 Rfd8 28. Rb1 Rc3 29. Be4  0-1

[Event "NOE Landesliga 2017/2018"]
[Site "verschiedene"]
[Date "2017.10.29"]
[Round "3"]
[Board "3"]
[White "Scheffknecht, Philipp"]
[Black "Strobel, Ferdinand"]
[Result "1/2-1/2"]
[WhiteElo "2109"]
[BlackElo "2036"]
[PlyCount "107"]
[EventDate "2017.10.01"]
[EventType "team"]
[EventRounds "11"]
[EventCountry "AUT"]
[WhiteTeam "SG Voest Krems"]
[BlackTeam "KSV Boehlerwerk"]

1. d4 f5 2. c4 Nf6 3. Nc3 g6 4. g3 Bg7 5. Bg2 O-O 6. Nh3 d6 7. O-O c6 8. Rb1 e5
9. dxe5 dxe5 10. Qxd8 Rxd8 11. e4 Be6 12. b3 h6 13. exf5 Bxf5 14. Rb2 Na6 15.
f3 g5 16. Nf2 Nc5 17. Be3 Ne6 18. Rd1 Rxd1+ 19. Nfxd1 a6 20. Rd2 Rd8 21. Rxd8+
Nxd8 22. Bb6 Nf7 23. Ne3 Be6 24. Na4 Nd7 25. Nc5 Nxc5 26. Bxc5 Bf8 27. Bb6 Be7
28. Bf1 Bd8 29. Bxd8 Nxd8 30. c5 Kf7 31. Kf2 Ke7 32. Bd3 Kf6 33. Ke2 h5 34. Kd2
Bd5 35. Be4 Bxe4 36. fxe4 Ne6 37. b4 Nd4 38. Nc4 Nf3+ 39. Ke2 Nxh2 40. Nd6 h4
41. gxh4 gxh4 42. Nxb7 Ng4 43. Nd8 h3 44. Kf3 Kg5 45. Kg3 h2 46. Kg2 Kf4 47.
Nxc6 Kxe4 48. Ne7 Kd3 49. c6 Ne3+ 50. Kxh2 Nc4 51. c7 Nd6 52. a4 Kc4 53. b5
axb5 54. axb5  1/2-1/2

[Event "NOE Landesliga 2017/2018"]
[Site "verschiedene"]
[Date "2017.10.29"]
[Round "3"]
[Board "4"]
[White "Danner, Lambert"]
[Black "Woeber, Friedrich"]
[Result "1/2-1/2"]
[WhiteElo "2039"]
[BlackElo "2140"]
[PlyCount "34"]
[EventDate "2017.10.01"]
[EventType "team"]
[EventRounds "11"]
[EventCountry "AUT"]
[WhiteTeam "KSV Boehlerwerk"]
[BlackTeam "SG Voest Krems"]

1. c4 Nf6 2. Nf3 g6 3. g3 Bg7 4. Bg2 O-O 5. O-O d6 6. Nc3 e5 7. d3 Nc6 8. Rb1
a5 9. a3 Nd4 10. e3 Nxf3+ 11. Qxf3 c6 12. h3 Be6 13. b4 axb4 14. axb4 Qd7 15.
Kh2 Ng4+ 16. Kg1 Nf6 17. Kh2 Ng4+  1/2-1/2

[Event "NOE Landesliga 2017/2018"]
[Site "verschiedene"]
[Date "2017.10.29"]
[Round "3"]
[Board "1"]
[White "Lendwai, Reinhard"]
[Black "Morgunov, Marc"]
[Result "1/2-1/2"]
[WhiteElo "2380"]
[BlackElo "2199"]
[PlyCount "41"]
[EventDate "2017.10.01"]
[EventType "team"]
[EventRounds "11"]
[EventCountry "AUT"]
[WhiteTeam "SK Advisory Invest Baden"]
[BlackTeam "ASK Kottingbrunn"]

1. c4 Nf6 2. Nc3 g6 3. g3 Bg7 4. Bg2 O-O 5. e4 d6 6. Nge2 c5 7. O-O Nc6 8. d3
Ne8 9. Be3 Nc7 10. d4 cxd4 11. Nxd4 Nxd4 12. Bxd4 Bxd4 13. Qxd4 e5 14. Qd2 Qe7
15. Rad1 Be6 16. b3 Rfd8 17. Qe3 Bd7 18. Rfe1 Bc6 19. Rd2 Ne6 20. b4 b6 21. a3
 1/2-1/2

[Event "NOE Landesliga 2017/2018"]
[Site "verschiedene"]
[Date "2017.10.29"]
[Round "3"]
[Board "2"]
[White "Morgunov, Daniel"]
[Black "Hofegger, Jakob"]
[Result "1-0"]
[WhiteElo "2149"]
[BlackElo "2111"]
[PlyCount "129"]
[EventDate "2017.10.01"]
[EventType "team"]
[EventRounds "11"]
[EventCountry "AUT"]
[WhiteTeam "ASK Kottingbrunn"]
[BlackTeam "SK Advisory Invest Baden"]

1. e4 e6 2. Nc3 d5 3. Nf3 Nf6 4. e5 Nfd7 5. d4 Be7 6. Bd3 c5 7. dxc5 Nxc5 8.
Bf4 Nxd3+ 9. cxd3 O-O 10. O-O Nc6 11. Rc1 Bd7 12. a3 f6 13. exf6 Bxf6 14. Bg3
Be8 15. Qe2 Qd7 16. Ne5 Bxe5 17. Bxe5 d4 18. Nb1 Bg6 19. Rfe1 Rae8 20. Nd2 Qd5
21. Bg3 e5 22. Ne4 b6 23. b4 a6 24. Qc2 Rc8 25. Qa4 Bxe4 26. dxe4 Qd7 27. Qb3+
Qf7 28. Qd5 Ne7 29. Qxe5 d3 30. Rc3 Rfd8 31. Rd1 d2 32. Rxc8 Rxc8 33. Qb2 Qc4
34. f3 h6 35. Qxd2 Qb3 36. Qd3 Rc3 37. Qd8+ Kh7 38. Re1 Nc6 39. Qxb6 Qc4 40. e5
Nd4 41. e6 Ne2+ 42. Kh1 Rc1 43. Qe3 Rxe1+ 44. Bxe1 Nf4 45. Qe4+ Qxe4 46. fxe4
Nxe6 47. a4 Kg6 48. b5 axb5 49. axb5 Kf6 50. b6 Nc5 51. Bc3+ Kf7 52. Kg1 g6 53.
Bb4 Nb7 54. Kf2 Ke6 55. Ke3 Nd8 56. Kd4 h5 57. Bc3 Nb7 58. e5 g5 59. Kc4 g4 60.
g3 Nd8 61. Kc5 Kd7 62. Kd5 Ne6 63. b7 Nc7+ 64. Kc5 Ke6 65. Kb6  1-0

[Event "NOE Landesliga 2017/2018"]
[Site "verschiedene"]
[Date "2017.10.29"]
[Round "3"]
[Board "3"]
[White "Juenger, Heinz"]
[Black "Wirius, Johannes"]
[Result "0-1"]
[WhiteElo "2111"]
[BlackElo "2191"]
[PlyCount "104"]
[EventDate "2017.10.01"]
[EventType "team"]
[EventRounds "11"]
[EventCountry "AUT"]
[WhiteTeam "SK Advisory Invest Baden"]
[BlackTeam "ASK Kottingbrunn"]

1. e4 Nf6 2. e5 Nd5 3. d4 d6 4. Nf3 Bf5 5. Bd3 Bxd3 6. Qxd3 Qd7 7. O-O e6 8. a3
Be7 9. c4 Nb6 10. exd6 cxd6 11. d5 e5 12. Be3 Na6 13. Nc3 Qc7 14. Bxb6 Qxb6 15.
b4 O-O 16. Rac1 Rad8 17. Rfd1 Nb8 18. c5 dxc5 19. Na4 Qa6 20. Qxa6 Nxa6 21.
Nxc5 Nxc5 22. bxc5 Bf6 23. d6 h6 24. Kf1 Rfe8 25. Ke2 Kh7 26. Rc4 Rd7 27. Nd2
Bd8 28. Ne4 f5 29. Nc3 Kg6 30. Rb1 Kf7 31. Ra4 b6 32. c6 Rxd6 33. Rxa7+ Re7 34.
Nb5 Rxc6 35. Rd1 Bc7 36. Nxc7 Rexc7 37. Rd7+ Rxd7 38. Rxd7+ Kf6 39. Rb7 g6 40.
Kd2 e4 41. a4 Ke5 42. a5 Rd6+ 43. Ke2 bxa5 44. Ra7 Rd5 45. Ra6 g5 46. h4 gxh4
47. Rxh6 Rb5 48. Rxh4 Rb2+ 49. Ke1 a4 50. Rh3 Rb3 51. Rh8 Rb1+ 52. Kd2 Rb2+  0-1

[Event "NOE Landesliga 2017/2018"]
[Site "verschiedene"]
[Date "2017.10.29"]
[Round "3"]
[Board "4"]
[White "Lechner, Daniel"]
[Black "Trippold, Denise"]
[Result "1-0"]
[WhiteElo "2192"]
[BlackElo "2084"]
[PlyCount "83"]
[EventDate "2017.10.01"]
[EventType "team"]
[EventRounds "11"]
[EventCountry "AUT"]
[WhiteTeam "ASK Kottingbrunn"]
[BlackTeam "SK Advisory Invest Baden"]

1. d4 Nf6 2. c4 e6 3. g3 c5 4. d5 exd5 5. cxd5 d6 6. Bg2 g6 7. Nc3 Bg7 8. Nf3
O-O 9. O-O Re8 10. Nd2 a6 11. a4 Nbd7 12. h3 Rb8 13. Nc4 Ne5 14. Na3 Nh5 15. e4
Bd7 16. a5 b5 17. axb6 Bb5 18. Naxb5 axb5 19. Nxb5 Qxb6 20. Nc3 c4 21. Rb1 Nf6
22. Be3 Qb4 23. Ne2 Ned7 24. Nd4 Ra8 25. Nc6 Qb3 26. Bd4 Nxe4 27. Bxg7 Qxd1 28.
Rfxd1 Kxg7 29. Rbc1 Nb6 30. Rc2 Ra2 31. Rd4 Nc5 32. Bf1 Ra1 33. Kg2 Nb3 34. Rf4
g5 35. Rg4 h6 36. Nd4 Re5 37. Bxc4 Nxc4 38. Nxb3 f5 39. Rgxc4 Rd1 40. Rd2 Rxd2
41. Nxd2 Rxd5 42. Nf3  1-0

[Event "NOE Landesliga 2017/2018"]
[Site "verschiedene"]
[Date "2017.10.29"]
[Round "3"]
[Board "1"]
[White "Pammer, Andreas"]
[Black "Groetz, Harald"]
[Result "0-1"]
[WhiteElo "2135"]
[BlackElo "2335"]
[PlyCount "40"]
[EventDate "2017.10.01"]
[EventType "team"]
[EventRounds "11"]
[EventCountry "AUT"]
[WhiteTeam "SG Bisamberg/Korneuburg"]
[BlackTeam "SV Stockerau"]

1. c4 e5 2. Nc3 Nc6 3. g3 g6 4. Bg2 Bg7 5. d3 d6 6. Nd5 a5 7. Nf3 Nce7 8. e4 c6
9. Nxe7 Nxe7 10. Be3 O-O 11. d4 Qc7 12. O-O c5 13. dxe5 dxe5 14. Qc1 b6 15. Ne1
Bb7 16. f4 f5 17. exf5 Nxf5 18. Bd2 Nd4 19. Kh1 exf4 20. Bxf4 g5  0-1